| 000 | 00465nam a2200181Ia 4500 | ||
|---|---|---|---|
| 003 | GCL | ||
| 008 | 140319s9999 xx 000 0 eng d | ||
| 040 |
_aGCL / _cGCL |
||
| 082 | 0 | 4 |
_a341.23 _bU B |
| 100 | 1 | _aUNITED NATIONS | |
| 245 | 1 | 0 |
_aBASIC FACTS ABOUT THE UNITED NATIONS / _cUNITED NATIONS |
| 260 |
_a[S.N] : _bUNITED NATIONS ، _c1995 |
||
| 300 | _a341 P | ||
| 650 | 0 | 4 | _aLAW |
| 650 | 0 | 4 | _aINTERNATIONAL LAW |
| 650 | 0 | 4 | _aUNITED NATIONS |
| 942 |
_2ddc _cBK |
||
| 999 |
_c15169 _d15169 |
||